[Event "CRO-ch U15"]
[Site "Trogir"]
[Date "2020.08.26"]
[Round "5"]
[White "Jaksic, Josip"]
[Black "Sedlacek, Dorijan"]
[Result "1-0"]
[WhiteElo "1591"]
[BlackElo "1262"]
[PlyCount "77"]
[EventDate "2020.08.24"]
[EventType "swiss"]
[EventRounds "9"]
[EventCountry "CRO"]
[SourceTitle "CBM 198 Extra"]
[Source "ChessBase"]
[SourceDate "2020.11.30"]
[SourceVersion "1"]
[SourceVersionDate "2020.11.30"]
[SourceQuality "1"]

1. e4 c5 2. Nf3 d6 3. d4 cxd4 4. Nxd4 Nf6 5. Nc3 a6 6. a4 g6 7. Be2 Bg7 8. Be3 Nc6 9. Nb3 Be6 10. 0-0 Qd7 11. a5 h5 12. Na4 Rd8 13. Nb6 Qc7 14. Nd5 Qb8 15. Bb6 Rd7 16. Bf3 Bg4 17. Nxf6+ Bxf6 18. Bxg4 hxg4 19. Qxg4 d5 20. h3 Rh4 21. Qf3 Rxe4 22. Nc5 Rf4 23. Nxd7 Kxd7 24. Qxd5+ Ke8 25. c3 Rh4 26. Rad1 Kf8 27. Rfe1 g5 28. Re4 e6 29. Qd3 Ne5 30. Qe2 g4 31. Bc5+ Kg7 32. Bd6 Qh8 33. Bxe5 Bxe5 34. Rxe5 gxh3 35. Rg5+ Kf6 36. Qe5+ Ke7 37. Qxh8 Rxh8 38. gxh3 Rxh3 39. Rc5 1-0